| 000 | 00618nam a22002177a 4500 | ||
|---|---|---|---|
| 003 | BUBTL | ||
| 008 | 220404b ||||| |||| 00| 0 eng d | ||
| 020 | _a9781137606495 | ||
| 082 | _a346.4202/ M196c/ 2020 | ||
| 100 |
_94540 _aMcKendrick, Ewan |
||
| 245 |
_aContract Law / _cEwan McKendrick |
||
| 250 | _a12th Edn. | ||
| 260 |
_aUnited Kingdom: _bPalgrave Law Masters, _cc2020 |
||
| 300 |
_a509 p.: _c24 cm. |
||
| 500 | _aIncludes Index | ||
| 505 | _aContract Law, Ewan McKendrick | ||
| 650 | 0 |
_926 _aLaw |
|
| 856 |
_k0 _l0 _yDownload |
||
| 942 |
_2ddc _cBK |
||
| 999 |
_c6676 _d6676 |
||